000 00539nam a2200193Ia 4500
005 20250326144815.0
008 250326s9999 xx 000 0 und d
020 _a81-203-2953-8
037 _aTextbook
040 _aFMSL
_beng
_cFMSL
041 _aeng
_2eng
084 _aX:51f P5.1
_qFMSL
100 _aMalhotra N K
245 0 _aReview of marketing research
_cMalhotra N K
260 _aNew Delhi
_bNew Delhi, Prentice Hall of India
_c2006
300 _a335p
942 _cTB
_hX:51f P5.1
999 _c1305141
_d1305141